[Event "FIN-chT 0304"]
[Site "Finland"]
[Date "2003.09.20"]
[Round "1.4"]
[White "Paavilainen, Jorma"]
[Black "Ristoja, Jan"]
[Result "1-0"]
[WhiteElo "2287"]
[BlackElo "2315"]
[PlyCount "51"]
[EventDate "2003.09.06"]
[EventType "team-tourn"]
[EventRounds "9"]
[EventCountry "FIN"]
[SourceTitle "EXT 2022"]
[Source "ChessBase"]
[SourceDate "2021.10.06"]
[SourceVersion "1"]
[SourceVersionDate "2021.10.06"]
[SourceQuality "1"]
[WhiteTeam "Turku TS"]
[BlackTeam "Helsinki Gaia"]
[WhiteTeamCountry "FIN"]
[BlackTeamCountry "FIN"]

1. Nf3 d6 2. e4 Bg4 3. d4 Nd7 4. Nc3 e6 5. Be2 Nb6 6. 0-0 d5 7. exd5 exd5 8. Ne5 Bf5 9. Bd3 Bxd3 10. Qxd3 Nf6 11. Qg3 Rg8 12. Re1 Be7 13. Re2 Kf8 14. Bd2 c6 15. Rae1 Nc8 16. Qh3 h6 17. Nd1 Bd6 18. Ne3 Ne7 19. N3g4 Ne4 20. Bf4 Bxe5 21. Nxe5 Qc8 22. Qb3 g5 23. Rxe4 gxf4 24. Rxf4 Rg7 25. Qf3 Qe6 26. Rf6 1-0

[Event "FIN-chT 0203"]
[Site "Finland"]
[Date "2003.02.15"]
[Round "7.3"]
[White "Westerinen, Heikki MJ"]
[Black "Paavilainen, Jorma"]
[Result "1/2-1/2"]
[WhiteElo "2362"]
[BlackElo "2292"]
[PlyCount "49"]
[EventDate "2002.10.21"]
[EventType "team-tourn"]
[EventRounds "9"]
[EventCountry "FIN"]
[SourceTitle "EXT 2004"]
[Source "ChessBase"]
[SourceDate "2003.11.25"]
[SourceVersion "1"]
[SourceVersionDate "2003.11.25"]
[SourceQuality "1"]
[WhiteTeam "Helsinki Gaia"]
[BlackTeam "Turku TS"]
[WhiteTeamCountry "FIN"]
[BlackTeamCountry "FIN"]

1. e4 c5 2. Nf3 g6 3. c3 Bg7 4. d4 cxd4 5. cxd4 d5 6. exd5 Nf6 7. Bb5+ Nbd7 8. Nc3 0-0 9. d6 exd6 10. 0-0 Nb6 11. h3 Bd7 12. Bxd7 Qxd7 13. Qb3 Rae8 14. Bf4 Ne4 15. Rfe1 Nxc3 16. bxc3 Qc6 17. Rab1 h6 18. Qa3 Nc4 19. Qxa7 b5 20. Re7 Rxe7 21. Qxe7 Re8 22. Qa7 Ra8 23. Qe7 Re8 24. Qa7 Ra8 25. Qe7 1/2-1/2

[Event "FIN-chT 0203"]
[Site "Finland"]
[Date "2002.10.19"]
[Round "2.2"]
[White "Molander, Riku"]
[Black "Paavilainen, Jorma"]
[Result "1/2-1/2"]
[WhiteElo "2286"]
[BlackElo "2292"]
[PlyCount "79"]
[EventDate "2002.10.21"]
[EventType "team-tourn"]
[EventRounds "9"]
[EventCountry "FIN"]
[SourceTitle "EXT 2004"]
[Source "ChessBase"]
[SourceDate "2003.11.25"]
[SourceVersion "1"]
[SourceVersionDate "2003.11.25"]
[SourceQuality "1"]
[WhiteTeam "Helsinki HSK"]
[BlackTeam "Turku TS"]
[WhiteTeamCountry "FIN"]
[BlackTeamCountry "FIN"]

1. e4 c5 2. c3 d5 3. exd5 Qxd5 4. d4 Nf6 5. Nf3 Bg4 6. Be2 e6 7. h3 Bh5 8. 0-0 Nc6 9. Be3 cxd4 10. Nxd4 Bxe2 11. Qxe2 Nxd4 12. Bxd4 Be7 13. Rd1 Qc6 14. Nd2 0-0 15. Nf3 Rfd8 16. Ne5 Qe4 17. Qxe4 Nxe4 18. Re1 Nd6 19. Bc5 Nf5 20. Bxe7 Nxe7 21. Rad1 Nc6 22. Nxc6 bxc6 23. Rxd8+ Rxd8 24. Re4 Rd1+ 25. Kh2 Rd2 26. Rb4 f5 27. f3 Kf7 28. a4 a5 29. Rb6 g5 30. b4 axb4 31. Rxb4 Ra2 32. Rc4 Ke7 33. Rxc6 Rxa4 34. Rc7+ Kf6 35. Rxh7 Rc4 36. Rh6+ Kf7 37. Rh7+ Kg6 38. Re7 Kf6 39. Ra7 Rxc3 40. Ra4 1/2-1/2

[Event "FIN-chT 0102"]
[Site "Finland"]
[Date "2002.03.17"]
[Round "9.4"]
[White "Paavilainen, Jorma"]
[Black "Pulkkinen, Kari"]
[Result "0-1"]
[WhiteElo "2287"]
[BlackElo "2319"]
[PlyCount "101"]
[EventDate "2001.09.21"]
[EventType "team-tourn"]
[EventRounds "9"]
[EventCountry "FIN"]
[SourceTitle "EXT 2022"]
[Source "ChessBase"]
[SourceDate "2021.10.06"]
[SourceVersion "1"]
[SourceVersionDate "2021.10.06"]
[SourceQuality "1"]
[WhiteTeam "Turku TS"]
[BlackTeam "Espoo MatSK"]
[WhiteTeamCountry "FIN"]
[BlackTeamCountry "FIN"]

1. e4 c5 2. Nf3 d6 3. d4 cxd4 4. Nxd4 Nf6 5. Nc3 Nc6 6. Bc4 Qb6 7. Nb3 e6 8. 0-0 a6 9. a4 Be7 10. Bg5 Ne5 11. Be2 Bd7 12. a5 Qc7 13. f4 Ng6 14. f5 Ne5 15. fxe6 fxe6 16. Bh5+ Ng6 17. e5 dxe5 18. Be3 e4 19. h3 0-0-0 20. Bb6 Qe5 21. Bxg6 hxg6 22. Qd4 Qxd4+ 23. Nxd4 Rde8 24. Rae1 e5 25. Nde2 Bc6 26. Ng3 Rh4 27. Be3 Bb4 28. Bg5 Rhh8 29. Bxf6 gxf6 30. Rxf6 e3 31. Kh2 Rhf8 32. Rxf8 Rxf8 33. Rxe3 Rf2 34. Re2 Rxe2 35. Ncxe2 Bxa5 36. h4 Kd7 37. h5 gxh5 38. Nxh5 Ke6 39. Kh3 Be1 40. Kg4 Ba4 41. b3 Bc6 42. g3 Be4 43. c3 Bc2 44. Ng7+ Kf6 45. Ne8+ Ke7 46. Nc7 Bxb3 47. Kf3 Kd7 48. Na8 Bd5+ 49. Ke3 Kc6 50. g4 Bh4 51. Ng1 0-1

[Event "FIN-chT 9900"]
[Site "Finland"]
[Date "1999.??.??"]
[Round "?"]
[White "Lampen, Timo"]
[Black "Paavilainen, Jorma"]
[Result "1-0"]
[WhiteElo "2274"]
[BlackElo "2300"]
[PlyCount "67"]
[EventDate "1999.??.??"]
[EventType "team-tourn"]
[EventRounds "9"]
[EventCountry "FIN"]
[SourceTitle "EXT 2001"]
[Source "ChessBase"]
[SourceDate "2000.11.22"]
[SourceVersion "1"]
[SourceVersionDate "2000.11.22"]
[SourceQuality "1"]
[WhiteTeam "Tampere Taraus"]
[BlackTeam "Turku TS"]
[WhiteTeamCountry "FIN"]
[BlackTeamCountry "FIN"]

1. e4 c5 2. Nf3 d6 3. Bb5+ Bd7 4. Bxd7+ Qxd7 5. d4 cxd4 6. Nxd4 Nf6 7. Nc3 e6 8. 0-0 Be7 9. Be3 0-0 10. Qe2 a6 11. Rad1 Qc7 12. f4 Nbd7 13. g4 Nc5 14. Bc1 b5 15. g5 Nfd7 16. a3 Rfe8 17. Rf3 Bf8 18. Rh3 g6 19. Qg4 Qb7 20. f5 Ne5 21. Qh4 h5 22. gxh6 Kh7 23. fxg6+ Nxg6 24. Qf2 Rac8 25. Rf1 Rc7 26. Qf6 e5 27. Nf3 Ne6 28. Nd5 Rxc2 29. Qf5 Rec8 30. Be3 Re2 31. Rg3 Rxe3 32. Nf6+ Kh8 33. Rxg6 fxg6 34. Qxg6 1-0

[Event "FIN-chT 9899"]
[Site "Finland"]
[Date "1999.??.??"]
[Round "8"]
[White "Paavilainen, Jorma"]
[Black "Paakkonen, Timo"]
[Result "1-0"]
[WhiteElo "2325"]
[BlackElo "2167"]
[PlyCount "123"]
[EventDate "1998.??.??"]
[EventType "team-tourn"]
[EventRounds "9"]
[EventCountry "FIN"]
[SourceTitle "EXT 2000"]
[Source "ChessBase"]
[SourceDate "1999.11.16"]
[SourceVersion "1"]
[SourceVersionDate "1999.11.16"]
[SourceQuality "1"]
[WhiteTeam "Turku TS"]
[BlackTeam "Joensuu SK"]
[WhiteTeamCountry "FIN"]
[BlackTeamCountry "FIN"]

1. d4 Nf6 2. Nf3 g6 3. c4 Bg7 4. g3 0-0 5. Bg2 d6 6. 0-0 Nc6 7. Nc3 a6 8. Bg5 h6 9. Bd2 Bd7 10. Rc1 Rb8 11. b3 b5 12. h3 bxc4 13. bxc4 Kh7 14. Be3 e6 15. Qc2 Qe7 16. Rfd1 Rb4 17. a3 Rxc4 18. Qd3 Na5 19. Nd2 d5 20. Nxc4 Nxc4 21. Rb1 Bc6 22. Rb3 Ra8 23. Bc1 Na5 24. Rb1 Nc4 25. e3 Qd7 26. Qc2 Bf8 27. Qa2 Be7 28. Bf1 Nd6 29. Bd2 Nfe4 30. Nxe4 Nxe4 31. Be1 Bb5 32. Rdc1 Bxf1 33. Kxf1 Nd6 34. Bb4 Nc4 35. Bxe7 Qxe7 36. Rb4 c5 37. dxc5 Qxc5 38. Kg1 a5 39. Rb3 Kg7 40. Qa1+ Kh7 41. Qd4 Qxd4 42. exd4 Rd8 43. a4 Rd7 44. Rb5 Kg7 45. Kf1 Kf6 46. Ke2 h5 47. Kd3 Rc7 48. Rc3 g5 49. Rcb3 Kg6 50. Rb7 Rc6 51. R3b5 f6 52. g4 hxg4 53. hxg4 f5 54. f3 Rd6 55. Re7 Kf6 56. Rbb7 fxg4 57. fxg4 Kg6 58. Rg7+ Kh6 59. Rh7+ Kg6 60. Rbg7+ Kf6 61. Rd7 Rb6 62. Rh6# 1-0

[Event "FIN-chT 9899"]
[Site "Finland"]
[Date "1998.??.??"]
[Round "3"]
[White "Paavilainen, Jorma"]
[Black "Kekki, Petri"]
[Result "1/2-1/2"]
[WhiteElo "2325"]
[BlackElo "2280"]
[PlyCount "33"]
[EventDate "1998.??.??"]
[EventType "team-tourn"]
[EventRounds "9"]
[EventCountry "FIN"]
[SourceTitle "EXT 2000"]
[Source "ChessBase"]
[SourceDate "1999.11.16"]
[SourceVersion "1"]
[SourceVersionDate "1999.11.16"]
[SourceQuality "1"]
[WhiteTeam "Turku TS"]
[BlackTeam "Espoo MatSK"]
[WhiteTeamCountry "FIN"]
[BlackTeamCountry "FIN"]

1. d4 d5 2. Nf3 e6 3. e3 Nf6 4. Bd3 b6 5. 0-0 Bb7 6. b3 Be7 7. Bb2 0-0 8. Nbd2 Nbd7 9. Qe2 Ne4 10. c4 Bf6 11. Rfd1 Qe7 12. Rac1 Nxd2 13. Rxd2 dxc4 14. Bxc4 a5 15. Bb5 Rac8 16. Rdc2 Nb8 17. e4 1/2-1/2

[Event "BEL-chT 9697"]
[Site "Belgium"]
[Date "1997.??.??"]
[Round "3"]
[White "Docx, Stefan"]
[Black "Paavilainen, Jorma"]
[Result "1/2-1/2"]
[WhiteElo "2315"]
[BlackElo "2330"]
[PlyCount "39"]
[EventDate "1996.??.??"]
[EventType "team-tourn"]
[EventRounds "11"]
[EventCountry "BEL"]
[SourceTitle "EXT 1998"]
[Source "ChessBase"]
[SourceDate "1997.11.17"]
[SourceVersion "1"]
[SourceVersionDate "1997.11.17"]
[SourceQuality "1"]

1. e4 c5 2. Nf3 Nc6 3. d4 cxd4 4. Nxd4 g6 5. Nc3 Bg7 6. Be3 Nf6 7. Bc4 Qa5 8. 0-0 0-0 9. f3 Qc5 10. Bb3 Ng4 11. fxg4 Bxd4 12. Bxd4 Nxd4 13. Kh1 Qe5 14. Nd5 Kg7 15. Qe1 d6 16. Qh4 f6 17. Rad1 Bd7 18. Rd3 Rae8 19. Re1 b6 20. c3 1/2-1/2

[Event "BEL-chT 9697"]
[Site "Belgium"]
[Date "1997.??.??"]
[Round "8"]
[White "Lemmers, Oscar"]
[Black "Paavilainen, Jorma"]
[Result "1-0"]
[WhiteElo "2360"]
[BlackElo "2330"]
[PlyCount "47"]
[EventDate "1996.??.??"]
[EventType "team-tourn"]
[EventRounds "11"]
[EventCountry "BEL"]
[SourceTitle "EXT 1998"]
[Source "ChessBase"]
[SourceDate "1997.11.17"]
[SourceVersion "1"]
[SourceVersionDate "1997.11.17"]
[SourceQuality "1"]

1. e4 c5 2. c3 d5 3. exd5 Qxd5 4. d4 Nf6 5. Nf3 Bg4 6. Be2 e6 7. h3 Bh5 8. Na3 Nc6 9. c4 Qd8 10. g4 Bg6 11. d5 exd5 12. g5 d4 13. gxf6 d3 14. Bf1 gxf6 15. Bg2 Be4 16. 0-0 Rg8 17. Re1 Qe7 18. Ng5 f5 19. f3 Bh6 20. Nxe4 fxe4 21. Rxe4 Qxe4 22. fxe4 d2 23. Bxd2 0-0-0 24. Bxh6 1-0

[Event "BEL-chT 9697"]
[Site "Belgium"]
[Date "1997.??.??"]
[Round "1"]
[White "Paavilainen, Jorma"]
[Black "Cekro, Ekrem"]
[Result "1/2-1/2"]
[WhiteElo "2330"]
[BlackElo "2410"]
[PlyCount "63"]
[EventDate "1996.??.??"]
[EventType "team-tourn"]
[EventRounds "11"]
[EventCountry "BEL"]
[SourceTitle "EXT 1998"]
[Source "ChessBase"]
[SourceDate "1997.11.17"]
[SourceVersion "1"]
[SourceVersionDate "1997.11.17"]
[SourceQuality "1"]

1. e4 g6 2. d4 Bg7 3. Nc3 d6 4. Nf3 Nd7 5. Be2 c6 6. a4 a5 7. 0-0 Qc7 8. Be3 Ngf6 9. h3 0-0 10. Re1 Re8 11. Bf1 e5 12. Qd2 Nf8 13. Rad1 Be6 14. Bg5 Rad8 15. g3 Bc8 16. Bg2 Ne6 17. Be3 b6 18. Qc1 Bb7 19. Kh2 Ba8 20. b3 Qb8 21. dxe5 dxe5 22. Rxd8 Rxd8 23. Rd1 Ne8 24. Rxd8 Qxd8 25. Qd2 Nd4 26. Nxd4 exd4 27. Ne2 c5 28. c3 Nd6 29. cxd4 cxd4 30. Bxd4 Nxe4 31. Qe3 Bxd4 32. Qxd4 1/2-1/2

[Event "BEL-chT 9697"]
[Site "Belgium"]
[Date "1997.??.??"]
[Round "7"]
[White "Paavilainen, Jorma"]
[Black "Chuchelov, Vladimir"]
[Result "1/2-1/2"]
[WhiteElo "2330"]
[BlackElo "2490"]
[PlyCount "74"]
[EventDate "1996.??.??"]
[EventType "team-tourn"]
[EventRounds "11"]
[EventCountry "BEL"]
[SourceTitle "EXT 1998"]
[Source "ChessBase"]
[SourceDate "1997.11.17"]
[SourceVersion "1"]
[SourceVersionDate "1997.11.17"]
[SourceQuality "1"]

1. e4 c5 2. Nf3 e6 3. d4 cxd4 4. Nxd4 a6 5. Bd3 Nf6 6. 0-0 Qc7 7. c4 Nc6 8. Nxc6 dxc6 9. Nd2 e5 10. h3 Be7 11. Qe2 0-0 12. Nf3 Nd7 13. Rd1 Nc5 14. b3 a5 15. Bb2 f6 16. Qc2 Be6 17. Bf1 Rfc8 18. Nh4 Bf8 19. Nf5 Rd8 20. Ne3 Qf7 21. g3 Na6 22. Bc3 Nb4 23. Qe2 Qc7 24. Bg2 Na6 25. Rxd8 Rxd8 26. Rd1 Ra8 27. Kh2 Nc5 28. Qc2 Bf7 29. Qd2 Ne6 30. Nf5 Bh5 31. Rf1 Rd8 32. Qb2 Bf7 33. Qe2 g6 34. Ne3 Bc5 35. Ng4 Bd4 36. Bd2 Qe7 37. f4 exf4 1/2-1/2

[Event "BEL-chT 9697"]
[Site "Belgium"]
[Date "1997.??.??"]
[Round "10"]
[White "Paavilainen, Jorma"]
[Black "Lane, Gary William"]
[Result "0-1"]
[WhiteElo "2330"]
[BlackElo "2405"]
[PlyCount "68"]
[EventDate "1996.??.??"]
[EventType "team-tourn"]
[EventRounds "11"]
[EventCountry "BEL"]
[SourceTitle "EXT 1998"]
[Source "ChessBase"]
[SourceDate "1997.11.17"]
[SourceVersion "1"]
[SourceVersionDate "1997.11.17"]
[SourceQuality "1"]

1. e4 e5 2. Nf3 Nc6 3. Bb5 a6 4. Ba4 Nf6 5. 0-0 b5 6. Bb3 Bc5 7. c3 d6 8. d4 Bb6 9. h3 Bb7 10. Re1 0-0 11. a4 Re8 12. axb5 axb5 13. Rxa8 Bxa8 14. d5 Na5 15. Ba2 c6 16. dxc6 Bxc6 17. Bg5 h6 18. Bxf6 Qxf6 19. Na3 Bd7 20. Qd3 Rb8 21. Rd1 Bc7 22. Nc2 Nc6 23. Bd5 Ne7 24. Kh2 Nxd5 25. Qxd5 Be6 26. Qc6 Qd8 27. Qa6 Rb6 28. Qa7 d5 29. Nb4 Rd6 30. Qb7 dxe4 31. Ra1 Rb6 32. Qxe4 f5 33. Qh4 e4+ 34. Kg1 exf3 0-1

[Event "BEL-chT 9697"]
[Site "Belgium"]
[Date "1997.??.??"]
[Round "11"]
[White "Van Laatum, Gozewijn"]
[Black "Paavilainen, Jorma"]
[Result "1/2-1/2"]
[WhiteElo "2330"]
[BlackElo "2330"]
[PlyCount "39"]
[EventDate "1996.??.??"]
[EventType "team-tourn"]
[EventRounds "11"]
[EventCountry "BEL"]
[SourceTitle "EXT 1998"]
[Source "ChessBase"]
[SourceDate "1997.11.17"]
[SourceVersion "1"]
[SourceVersionDate "1997.11.17"]
[SourceQuality "1"]

1. e4 c5 2. c3 d5 3. exd5 Qxd5 4. d4 Nf6 5. Nf3 e6 6. Be3 cxd4 7. cxd4 Nc6 8. Nc3 Qd6 9. a3 Be7 10. Bd3 0-0 11. 0-0 b6 12. Qe2 Bb7 13. Rad1 Rfd8 14. Rfe1 Rac8 15. Bb1 g6 16. Bg5 Na5 17. Ne5 Bd5 18. Nxd5 Nxd5 19. Bh6 Nc6 20. Ba2 1/2-1/2

[Event "FIN-chT"]
[Site "Finland"]
[Date "1995.??.??"]
[Round "9"]
[White "Paavilainen, Jorma"]
[Black "Lehtivaara, Petri"]
[Result "1/2-1/2"]
[WhiteElo "2340"]
[BlackElo "2290"]
[PlyCount "51"]
[EventDate "1995.??.??"]
[EventType "team-tourn"]
[EventRounds "6"]
[EventCountry "FIN"]
[SourceTitle "EXT 2002"]
[Source "ChessBase"]
[SourceDate "2001.11.25"]
[SourceVersion "1"]
[SourceVersionDate "2001.11.25"]
[SourceQuality "1"]

1. e4 e5 2. Nf3 Nc6 3. Bb5 a6 4. Ba4 Nf6 5. 0-0 Be7 6. Re1 b5 7. Bb3 d6 8. c3 0-0 9. h3 a5 10. d3 a4 11. Bc2 d5 12. exd5 Qxd5 13. c4 bxc4 14. Nc3 Qd6 15. dxc4 a3 16. bxa3 Be6 17. Bb3 Qxd1 18. Rxd1 Rfc8 19. a4 Nd7 20. Nd5 Bd6 21. Be3 Nc5 22. Nb6 cxb6 23. Rxd6 Nxa4 24. Ng5 Nd4 25. Bxd4 exd4 26. Nxe6 1/2-1/2

[Event "FIN-chT"]
[Site "Finland"]
[Date "1994.??.??"]
[Round "?"]
[White "Kiik, Kalle"]
[Black "Paavilainen, Jorma"]
[Result "1/2-1/2"]
[WhiteElo "2400"]
[BlackElo "2320"]
[PlyCount "88"]
[EventDate "1994.??.??"]
[EventType "team-tourn"]
[EventRounds "11"]
[EventCountry "FIN"]
[SourceTitle "EXT 1998"]
[Source "ChessBase"]
[SourceDate "1997.11.17"]
[SourceVersion "1"]
[SourceVersionDate "1997.11.17"]
[SourceQuality "1"]

1. e4 c5 2. c3 d5 3. exd5 Qxd5 4. Nf3 Nf6 5. d4 e6 6. Be2 Be7 7. c4 Qd8 8. Nc3 cxd4 9. Nxd4 0-0 10. 0-0 a6 11. Bf4 Bd7 12. Bf3 Nc6 13. Nxc6 Bxc6 14. Bxc6 bxc6 15. Qf3 Qb6 16. Na4 Qb7 17. Rac1 Rad8 18. Rc3 Bd6 19. Rb3 Qc7 20. Bxd6 Rxd6 21. Nc5 Rd4 22. Nxa6 Qc8 23. Nc5 Rxc4 24. Rc3 Rxc3 25. Qxc3 Qa8 26. a3 Nd5 27. Qd4 Rb8 28. Rc1 Rb5 29. h3 h6 30. Nd3 Qb7 31. Rc4 Ne7 32. Qd8+ Kh7 33. Nc5 Qa7 34. b4 Nd5 35. Nd7 Qxa3 36. Nf8+ Kg8 37. Rg4 Qa1+ 38. Kh2 Qe5+ 39. g3 Qb8 40. Nxe6+ Qxd8 41. Nxd8 Nxb4 42. Rc4 c5 43. Rf4 f6 44. Re4 Rb8 1/2-1/2

[Event "FIN-chT"]
[Site "Finland"]
[Date "1994.??.??"]
[Round "?"]
[White "Koskinen, Henri"]
[Black "Paavilainen, Jorma"]
[Result "1/2-1/2"]
[WhiteElo "2275"]
[BlackElo "2320"]
[PlyCount "49"]
[EventDate "1994.??.??"]
[EventType "team-tourn"]
[EventRounds "11"]
[EventCountry "FIN"]
[SourceTitle "EXT 1998"]
[Source "ChessBase"]
[SourceDate "1997.11.17"]
[SourceVersion "1"]
[SourceVersionDate "1997.11.17"]
[SourceQuality "1"]

1. d4 d5 2. c4 dxc4 3. e3 Nf6 4. Bxc4 e6 5. Nf3 c5 6. a3 cxd4 7. exd4 Be7 8. Nc3 0-0 9. 0-0 Nbd7 10. Re1 Nb6 11. Ba2 Bd7 12. Ne5 Bc6 13. Nxc6 bxc6 14. Be3 Nbd5 15. Rc1 Nxe3 16. fxe3 c5 17. d5 exd5 18. Nxd5 Rb8 19. Re2 Re8 20. Nxe7+ Qxe7 21. Qc2 Rbd8 22. Rce1 Qe5 23. Qc4 Re7 24. Qf4 Kf8 25. h3 1/2-1/2

[Event "FIN-chT"]
[Site "Finland"]
[Date "1994.??.??"]
[Round "?"]
[White "Valkesalmi, Kimmo"]
[Black "Paavilainen, Jorma"]
[Result "1-0"]
[WhiteElo "2355"]
[BlackElo "2320"]
[PlyCount "85"]
[EventDate "1994.??.??"]
[EventType "team-tourn"]
[EventRounds "11"]
[EventCountry "FIN"]
[SourceTitle "EXT 1998"]
[Source "ChessBase"]
[SourceDate "1997.11.17"]
[SourceVersion "1"]
[SourceVersionDate "1997.11.17"]
[SourceQuality "1"]

1. c4 c5 2. g3 g6 3. Bg2 Bg7 4. Nc3 Nc6 5. Nf3 Nf6 6. d4 cxd4 7. Nxd4 0-0 8. 0-0 Nxd4 9. Qxd4 d6 10. Qd3 a6 11. Bd2 Rb8 12. a4 Be6 13. Rab1 Qc8 14. Nd5 Bxd5 15. cxd5 Qd7 16. a5 Ne8 17. Rfc1 Nc7 18. Bh3 Qxh3 19. Rxc7 Bf6 20. b4 h5 21. b5 h4 22. gxh4 Qg4+ 23. Kf1 Qxh4 24. h3 Rfc8 25. b6 Kg7 26. Rb4 Qh5 27. Bc3 Rh8 28. Bxf6+ exf6 29. Re4 Qxh3+ 30. Qxh3 Rxh3 31. Ree7 Ra3 32. Rxf7+ Kh6 33. f4 Kh5 34. Rxf6 Rxa5 35. Rh7+ Kg4 36. Rg7 Rxd5 37. Rgxg6+ Kh5 38. Rh6+ Kg4 39. Rhg6+ Kh5 40. Rg7 Re8 41. Kf2 Rb5 42. e3 Rb3 43. Rg5+ 1-0

[Event "Espoo op"]
[Site "Espoo"]
[Date "1993.??.??"]
[Round "8"]
[White "Alava, Mikko"]
[Black "Paavilainen, Jorma"]
[Result "0-1"]
[WhiteElo "2295"]
[BlackElo "2315"]
[PlyCount "104"]
[EventDate "1993.??.??"]
[EventType "swiss"]
[EventRounds "9"]
[EventCountry "FIN"]
[SourceTitle "EXT 2000"]
[Source "ChessBase"]
[SourceDate "1999.11.16"]
[SourceVersion "1"]
[SourceVersionDate "1999.11.16"]
[SourceQuality "1"]

1. e4 c5 2. Nf3 Nc6 3. d4 cxd4 4. Nxd4 g6 5. c4 Bg7 6. Be3 Nf6 7. Nc3 0-0 8. Be2 d6 9. 0-0 Bd7 10. Qd2 Nxd4 11. Bxd4 Bc6 12. f3 a5 13. b3 Nd7 14. Be3 Nc5 15. Rab1 f5 16. exf5 gxf5 17. Nd5 Rf7 18. Rfd1 Kh8 19. a3 Qg8 20. Bd4 a4 21. b4 Nb3 22. Bxg7+ Rxg7 23. Qc3 e5 24. Bf1 Nd4 25. Rxd4 exd4 26. Qxd4 Bxd5 27. cxd5 Qe8 28. Kf2 Rc8 29. Re1 Rc2+ 30. Re2 Rxe2+ 31. Bxe2 Qe5 32. Qxe5 dxe5 33. Bb5 b6 34. d6 Rg6 35. d7 Rd6 36. Bxa4 Kg7 37. Bb5 Kf6 38. a4 Ke7 39. Ke3 Rd4 40. g3 Rxb4 41. h3 f4+ 42. gxf4 Rxf4 43. Bc6 Rc4 44. Bb5 Rh4 45. Bc6 Kd8 46. Bb5 Kc7 47. Kd3 h5 48. Ke3 Rxh3 49. Ke4 Rg3 50. Kxe5 Rxf3 51. Ke4 Rf7 52. Ke5 h4 0-1